[Event "Medellin Feria de las Flores op"]
[Site "Medellin"]
[Date "2022.08.05"]
[Round "5"]
[White "Lopez, Juan Sebastian"]
[Black "Rosado Perez, Maria Jose"]
[Result "0-1"]
[WhiteElo "1696"]
[BlackElo "1811"]
[PlyCount "64"]
[EventDate "2022.08.03"]
[EventType "swiss"]
[EventRounds "9"]
[EventCountry "COL"]
[SourceTitle "CBM 209 Extra"]
[Source "ChessBase"]
[SourceDate "2022.09.30"]
[SourceVersion "1"]
[SourceVersionDate "2022.09.30"]
[SourceQuality "1"]

1. d4 d5 2. c4 e6 3. Nf3 Nf6 4. Nc3 Be7 5. Bf4 c6 6. e3 0-0 7. Be2 Nbd7 8. h3 b6 9. cxd5 Nxd5 10. Bg3 Bb7 11. e4 Nxc3 12. bxc3 c5 13. Bd3 cxd4 14. cxd4 Bb4+ 15. Nd2 Bc3 16. Rc1 Bxd4 17. 0-0 Nc5 18. Bb1 Bb2 19. Rc2 Bf6 20. Qg4 Qd4 21. Re1 Rac8 22. Bf4 Nd3 23. Be3 Qd7 24. Rd1 Ne5 25. Qe2 Qa4 26. Nb3 Qxe4 27. f3 Rxc2 28. Bxc2 Qc4 29. Qf2 Rc8 30. Rd2 Bh4 31. Qe2 Qxe2 32. Rxe2 Ba6 0-1

[Event "Medellin Aristizabal Cup"]
[Site "Medellin"]
[Date "2022.07.11"]
[Round "6"]
[White "Lopez, Juan Sebastian"]
[Black "Martinez, Mauricio"]
[Result "0-1"]
[WhiteElo "1724"]
[BlackElo "1898"]
[PlyCount "92"]
[EventDate "2022.07.08"]
[EventType "swiss"]
[EventRounds "7"]
[EventCountry "COL"]
[SourceTitle "CBM 209 Extra"]
[Source "ChessBase"]
[SourceDate "2022.09.30"]
[SourceVersion "1"]
[SourceVersionDate "2022.09.30"]
[SourceQuality "1"]

1. d4 Nf6 2. c4 e6 3. Nc3 d5 4. Nf3 Nbd7 5. e3 c6 6. Bd3 dxc4 7. Bxc4 b5 8. Bd3 a6 9. Bd2 c5 10. Rc1 Be7 11. 0-0 Bb7 12. a4 bxa4 13. Nxa4 0-0 14. dxc5 Bxf3 15. Qxf3 Ne5 16. Bxh7+ Nxh7 17. Qe2 Qd3 18. Qxd3 Nxd3 19. Rc4 Ne5 20. Re4 Nc6 21. Nb6 Rad8 22. Bc3 Bxc5 23. Rc4 Bxb6 24. Rxc6 Rb8 25. Rd1 Rfc8 26. Rcd6 Rd8 27. Kf1 Rxd6 28. Rxd6 Nf6 29. Bxf6 gxf6 30. h4 Bc7 31. Rxa6 Rxb2 32. g4 Kg7 33. Kg2 Be5 34. Ra8 Bc3 35. Ra4 e5 36. Kf1 Kg6 37. f4 exf4 38. exf4 Rb4 39. Rxb4 Bxb4 40. Ke2 f5 41. h5+ Kh6 42. gxf5 Kxh5 43. Kf3 Kh4 44. f6 Kh5 45. Ke4 Kg6 46. f5+ Kxf6 0-1

[Event "Medellin Aristizabal Cup"]
[Site "Medellin"]
[Date "2022.07.10"]
[Round "5"]
[White "Lopez, Juan Sebastian"]
[Black "Narvaez Berrio, Alexander"]
[Result "1-0"]
[WhiteElo "1724"]
[BlackElo "1352"]
[PlyCount "71"]
[EventDate "2022.07.08"]
[EventType "swiss"]
[EventRounds "7"]
[EventCountry "COL"]
[SourceTitle "CBM 209 Extra"]
[Source "ChessBase"]
[SourceDate "2022.09.30"]
[SourceVersion "1"]
[SourceVersionDate "2022.09.30"]
[SourceQuality "1"]

1. d4 Nf6 2. c4 e6 3. Nc3 Bb4 4. Qc2 0-0 5. Nf3 b6 6. Bg5 Bb7 7. e3 d6 8. Bd3 h6 9. Bh4 Nbd7 10. 0-0 Bxf3 11. gxf3 Bxc3 12. bxc3 c5 13. Kh1 Qc7 14. Rg1 Nh5 15. Rg2 f5 16. Rag1 Rf7 17. e4 Nf4 18. Rg3 Nxd3 19. Qxd3 f4 20. Rg6 Kh8 21. dxc5 dxc5 22. Rxe6 Ne5 23. Qd5 Raf8 24. Qxe5 Qxe5 25. Rxe5 g5 26. Bxg5 hxg5 27. Rgxg5 Rd8 28. Rd5 Rg7 29. h4 Rxd5 30. cxd5 Rxg5 31. hxg5 Kg7 32. d6 Kf7 33. e5 b5 34. g6+ Ke6 35. g7 Kf7 36. d7 1-0

[Event "Medellin Aristizabal Cup"]
[Site "Medellin"]
[Date "2022.07.10"]
[Round "4"]
[White "Ramos Ariza, Juan Manuel"]
[Black "Lopez, Juan Sebastian"]
[Result "1-0"]
[WhiteElo "1969"]
[BlackElo "1724"]
[PlyCount "97"]
[EventDate "2022.07.08"]
[EventType "swiss"]
[EventRounds "7"]
[EventCountry "COL"]
[SourceTitle "CBM 209 Extra"]
[Source "ChessBase"]
[SourceDate "2022.09.30"]
[SourceVersion "1"]
[SourceVersionDate "2022.09.30"]
[SourceQuality "1"]

1. e4 c5 2. Nf3 Nc6 3. Bb5 d6 4. 0-0 Bd7 5. c3 a6 6. Be2 Nf6 7. d3 g6 8. a4 Bg7 9. Nbd2 0-0 10. Nc4 Qc7 11. Bf4 Nh5 12. Bg5 h6 13. Bd2 Be6 14. Re1 b5 15. Ne3 Nf6 16. d4 Bd7 17. axb5 axb5 18. Bxb5 Nxd4 19. Rxa8 Rxa8 20. Bc4 Nc6 21. Nd5 Qb7 22. Qc2 Be6 23. h3 Rb8 24. Nxf6+ exf6 25. Bd5 Bxd5 26. exd5 Ne5 27. Nxe5 fxe5 28. b4 Qxd5 29. c4 Qb7 30. b5 f5 31. Qd3 Qd7 32. Qd5+ Kh7 33. Ra1 Rb7 34. Ra6 Bf8 35. Ra8 Kg7 36. Bxh6+ Kxh6 37. Rxf8 e4 38. Rf6 Rb6 39. Rf7 Qe8 40. Rf6 Kg7 41. Re6 Qd8 42. g3 Qg5 43. Rxd6 Rxd6 44. Qxd6 Qc1+ 45. Kg2 Qxc4 46. b6 Qb3 47. Qxc5 f4 48. Qc7+ Kg8 49. b7 1-0

[Event "COL-ch U18"]
[Site "Medellin"]
[Date "2022.06.04"]
[Round "7"]
[White "Lopez, Juan Sebastian"]
[Black "Giraldo Alvarez, Simon"]
[Result "1-0"]
[WhiteElo "1736"]
[BlackElo "1569"]
[PlyCount "45"]
[EventDate "2022.06.01"]
[EventType "swiss"]
[EventRounds "9"]
[EventCountry "COL"]
[SourceTitle "CBM 208 Extra"]
[Source "ChessBase"]
[SourceDate "2022.07.31"]
[SourceVersion "1"]
[SourceVersionDate "2022.07.31"]
[SourceQuality "1"]

1. d4 Nf6 2. c4 g6 3. Nc3 d5 4. Nf3 Bg7 5. cxd5 Nxd5 6. e4 Nxc3 7. bxc3 c5 8. Bb5+ Bd7 9. Bxd7+ Qxd7 10. 0-0 Nc6 11. Be3 0-0 12. d5 Na5 13. Bxc5 Bxc3 14. Rc1 Bb2 15. Rc2 Bg7 16. Qd2 b6 17. Bb4 Nb7 18. Rfc1 Nd6 19. e5 Nf5 20. Rc7 Qd8 21. g4 Nh6 22. h3 Re8 23. Qd4 1-0

[Event "COL-ch U18"]
[Site "Medellin"]
[Date "2022.06.01"]
[Round "1"]
[White "Gomez Silva, Maximiliano"]
[Black "Lopez, Juan Sebastian"]
[Result "0-1"]
[WhiteElo "1364"]
[BlackElo "1736"]
[PlyCount "34"]
[EventDate "2022.06.01"]
[EventType "swiss"]
[EventRounds "9"]
[EventCountry "COL"]
[SourceTitle "CBM 208 Extra"]
[Source "ChessBase"]
[SourceDate "2022.07.31"]
[SourceVersion "1"]
[SourceVersionDate "2022.07.31"]
[SourceQuality "1"]

1. e4 e5 2. Nf3 Nc6 3. Bd3 Nf6 4. Nc3 Bc5 5. 0-0 d6 6. h3 Rg8 7. Re1 g5 8. Nh2 Nd4 9. Ne2 g4 10. hxg4 Nxg4 11. Nxd4 Bxd4 12. Nxg4 Bxg4 13. Be2 Bh3 14. g3 Rxg3+ 15. Kh1 Bg2+ 16. Kg1 Qh4 17. d3 Qh1# 0-1

[Event "Medellin U2000 op"]
[Site "Medellin"]
[Date "2022.05.22"]
[Round "7"]
[White "Lopez, Juan Sebastian"]
[Black "Manrique Bermudez, Josue"]
[Result "1-0"]
[WhiteElo "1738"]
[BlackElo "1454"]
[PlyCount "69"]
[EventDate "2022.05.18"]
[EventType "swiss"]
[EventRounds "7"]
[EventCountry "COL"]
[SourceTitle "CBM 208 Extra"]
[Source "ChessBase"]
[SourceDate "2022.07.31"]
[SourceVersion "1"]
[SourceVersionDate "2022.07.31"]
[SourceQuality "1"]

1. d4 Nf6 2. c4 e6 3. Nc3 Bb4 4. Nf3 Ne4 5. Qc2 Bxc3+ 6. bxc3 f5 7. Ba3 d6 8. e3 Nd7 9. Bd3 Ndf6 10. h4 h6 11. c5 dxc5 12. dxc5 0-0 13. 0-0 Qe7 14. Nd4 Nxc5 15. Nb3 b6 16. Nxc5 bxc5 17. Qb3 Ng4 18. g3 Qd6 19. Rfd1 Nxe3 20. Be4 Nxd1 21. Rxd1 Qxd1+ 22. Qxd1 fxe4 23. Bxc5 Re8 24. Qd4 Bb7 25. Qe5 Rad8 26. Kh2 Rd1 27. Be3 Bd5 28. Qh5 Rd3 29. Qxe8+ Kh7 30. Bd4 c5 31. Be5 Rd1 32. Qf7 Rh1+ 33. Kxh1 e3+ 34. Kg1 e2 35. Qxg7# 1-0

[Event "Medellin U2000 op"]
[Site "Medellin"]
[Date "2022.05.18"]
[Round "1"]
[White "Lopez, Juan Sebastian"]
[Black "Sanchez Bermudez, Jeronimo"]
[Result "1-0"]
[WhiteElo "1738"]
[BlackElo "1149"]
[PlyCount "95"]
[EventDate "2022.05.18"]
[EventType "swiss"]
[EventRounds "7"]
[EventCountry "COL"]
[SourceTitle "CBM 208 Extra"]
[Source "ChessBase"]
[SourceDate "2022.07.31"]
[SourceVersion "1"]
[SourceVersionDate "2022.07.31"]
[SourceQuality "1"]

1. d4 d5 2. c4 e6 3. Nf3 Nf6 4. Bf4 Be7 5. Nc3 Nbd7 6. e3 c6 7. Bd3 0-0 8. h3 Re8 9. g4 Nf8 10. Ne5 Ng6 11. Nxg6 hxg6 12. h4 e5 13. dxe5 Nxg4 14. Be2 Nh6 15. cxd5 cxd5 16. h5 g5 17. Bg3 Be6 18. 0-0 a6 19. Bf3 Bb4 20. Nxd5 Bxd5 21. Bxd5 Qe7 22. Qb3 g4 23. e4 Ra7 24. Rfd1 Bc5 25. Rac1 b6 26. Kg2 Kh8 27. Rd3 Qg5 28. Rh1 Ree7 29. Bh4 Qf4 30. Bg3 Qg5 31. Qc2 Red7 32. e6 fxe6 33. Bxe6 Rxd3 34. Qxd3 Qf6 35. Qb3 Re7 36. Bd5 a5 37. Qc2 Qf3+ 38. Kh2 Rd7 39. Qc3 Qf8 40. Kg2 Rd6 41. Rf1 Rf6 42. e5 Rf3 43. Bxf3 gxf3+ 44. Qxf3 Qe8 45. Rd1 Qe7 46. Qa8+ Kh7 47. Rd8 Nf7 48. Qe4+ 1-0

[Event "Medellin Easter op 10th"]
[Site "Medellin"]
[Date "2022.04.15"]
[Round "5"]
[White "Lopez, Juan Sebastian"]
[Black "Leon Acevedo, Juan Alejandro"]
[Result "1-0"]
[WhiteElo "1680"]
[BlackElo "1967"]
[PlyCount "87"]
[EventDate "2022.04.13"]
[EventType "swiss"]
[EventRounds "8"]
[EventCountry "COL"]
[SourceTitle "CBM 207 Extra"]
[Source "ChessBase"]
[SourceDate "2022.05.31"]
[SourceVersion "1"]
[SourceVersionDate "2022.05.31"]
[SourceQuality "1"]

1. d4 d5 2. c4 c6 3. Nf3 g6 4. Bf4 Bg7 5. e3 Nf6 6. h3 c5 7. Nc3 cxd4 8. exd4 0-0 9. Be2 Nc6 10. c5 Ne4 11. 0-0 Nxc3 12. bxc3 b6 13. Qa4 Bd7 14. Bb5 Qc8 15. cxb6 axb6 16. Qb3 Be6 17. Bxc6 Qxc6 18. Ne5 Qb7 19. Rfb1 Ra6 20. Nd3 Bf5 21. Nc5 Qa7 22. Nxa6 Bxb1 23. Nb4 Be4 24. Nxd5 Qb7 25. Ne3 Rc8 26. Rd1 b5 27. f3 Bxf3 28. gxf3 Qxf3 29. Rf1 Qxh3 30. Nd1 Qg4+ 31. Kh1 Qh3+ 32. Kg1 Qg4+ 33. Kh2 Qe2+ 34. Rf2 Qh5+ 35. Kg2 g5 36. Bg3 g4 37. Kg1 Rc6 38. Ne3 Re6 39. Qd5 Qh6 40. Nf1 Qg6 41. Qxb5 Bf6 42. Qf5 Qg7 43. d5 Ra6 44. Qc8+ 1-0